Statistics for Balkan Countries in Morse Code

Click here to take the quiz!

General Stats

  • This quiz has been taken 29 times
  • The average score is 9 of 11

Answer Stats

HintAnswer% Correct
... . .-. -... .. .-Serbia
92%
.- .-.. -... .- -. .. .-Albania
88%
-... --- ... -. .. .- / .- -. -.. / .... . .-. --.. . --. --- ...- .. -. .-Bosnia and Herzegovina
88%
-.-. .-. --- .- - .. .-Croatia
88%
-- --- -. - . -. . --. .-. ---Montenegro
88%
-. --- .-. - .... / -- .- -.-. . -.. --- -. .. .-North Macedonia
88%
-.- --- ... --- ...- ---Kosovo
84%
.-. --- -- .- -. .. .-Romania
84%
... .-.. --- ...- . -. .. .-Slovenia
84%
-... ..- .-.. --. .- .-. .. .-Bulgaria
80%
-- --- .-.. -.. --- ...- .-Moldova
72%

Score Distribution

Percentile by Number Answered

Percent of People with Each Score

Your Score History

You have not taken this quiz